[Event "Bermuda-A"]
[Site "Bermuda"]
[Date "2003.02.04"]
[Round "10"]
[White "Svidler, Peter"]
[Black "Macieja, Bartlomiej"]
[Result "1/2-1/2"]
[WhiteElo "2693"]
[BlackElo "2629"]
[Annotator "Lukacs,P"]
[PlyCount "100"]
[EventDate "2003.01.25"]
[EventType "tourn"]
[EventRounds "11"]
[EventCountry "BER"]
[EventCategory "15"]
[SourceTitle "CBM 094"]
[Source "ChessBase"]
[SourceDate "2003.05.26"]
[SourceVersion "1"]
[SourceVersionDate "2003.05.26"]
[SourceQuality "1"]

1. e4 c6 2. d4 d5 3. e5 Bf5 4. Nc3 e6 5. g4 Bg6 6. Nge2 c5 7. Be3 Nc6 8. dxc5
h5 (8... Rc8 {- Grischuk-Shirov, RUS-The World rapid rapid 2002 CBM 91}) (8...
a6 {- Motylev-Anand, RUS-The World rapid 2002 CBM 91}) (8... Nxe5 9. Nd4 {
- Motylev-Miton, Bermuda-A 2003 CBM 94} (9. Nf4 Ne7 {- De Vreugt-Kallai,
Bundesliga 2001 CBM 71} (9... Nf6 {- Sutovsky-Adianto, EUR-ASIA m rapid 2001
CBM 86}) (9... Nc6 10. Bb5 Nge7 {- Sutovsky-Rogers, EUR-ASIA m 30' rapid CBM 86
}))) 9. Nd4 (9. Nf4 $6 {- De Vreugt-Maksimenko, Lvov Cup of Galychina 2001 CBM
87}) 9... a6 (9... hxg4 {allows the usual pin on the a4-e8 /^.} 10. Bb5 Rc8 (
10... Qd7 11. Qxg4 Nge7 12. O-O-O O-O-O 13. Nxc6 bxc6 14. Ba6+ Kb8 15. Rd4 Ka8
16. Rb4 Rb8 17. Na4 {concentrating all the forces on the <<.} Rxb4 18. Qxb4 Nf5
19. Bd2 Be7 20. f4 $14 {Galdunts-Heinis, Strasbourg 1991}) 11. Qxg4 Qh4 {
The _|_ is usually playable for Black because of White's weakened P structure.}
12. Qxh4 Rxh4 13. Nxc6 bxc6 14. Ba6 Rb8 15. O-O-O Nh6 $13) (9... Qd7 10. Nxc6
bxc6 11. g5 $14 {This looks rather anti-positional at first sight giving up ><
f5. However White's chances now lie on the <<.} (11. b4 Rb8 12. Rb1 Qc7 $13 {
Vetemaa-Kapengut, Minsk 1981})) 10. g5 {Nowadays White is not so frightened
from this "ugly" move.} (10. Nxc6 bxc6 11. g5 Ne7 $13) 10... Nge7 (10... Nxe5
11. f4 Ng4 12. Bg1 $14 {still keeping the important c5 P.}) 11. Na4 (11. f4 Nf5
$1 (11... Nxd4 12. Qxd4 (12. Bxd4 Nc6) 12... Nc6 13. Qa4 Be7 (13... d4 14.
O-O-O Bxc5 15. Bg2 $16) 14. O-O-O O-O 15. Kb1 $14) 12. Nxf5 Bxf5 {and White
cannot hold the vital >< d4 square.} 13. Bg2 Nb4 14. Rc1 Qa5 15. O-O Bxc5 $15)
11... Nxe5 (11... Nxd4 12. Bxd4 Nc6 13. Nb6 Rb8 14. f4 Bxc2 15. Qxc2 Nxd4 16.
Qa4+ Nc6 17. b4 $14 {keeping the space advantage.}) 12. f4 Be4 (12... Ng4 $5 {
/\ Be4}) 13. fxe5 Bxh1 14. Nb6 {White has sacrificed an exchange, but he gets
compensation on the <<.} Ra7 {The R looks rather entombbed here.} (14... Rb8 $5
15. c3 Qc7 16. Qa4+ Nc6 17. Bxa6 Bxc5 18. Nxc6 {In this delicate position
where almost all of the pieces are hanging} bxc6 $1 {is the right answer!} (
18... Bxe3 $2 19. Nxb8+ Ke7 20. Bb5 Qxb6 (20... Qxe5 21. Nc6+ $18) 21. Nd7 Qa7
22. Qb4+ Kd8 23. Qd6 $16) 19. Bxc5 Rxb6 20. O-O-O Bf3 $13) 15. c3 Nc6 (15...
Qc7 $5 {may transpose to a better line:} 16. Qa4+ (16. Bb5+ Nc6 $1 $17) 16...
Nc6 {- 15...Nc6}) 16. Nxc6 (16. Qa4 Qc7 17. Nxc6 bxc6 18. Qd4 (18. Bd3 Qxe5)
18... Be4 $17) 16... bxc6 17. Bd3 Be7 18. h4 f5 (18... Qc7 19. Bd4 $44) 19.
gxf6 gxf6 20. Qa4 (20. Bg6+ {is a completely other plan to take up the
gauntlet on the >>.} Kf8 21. Qe2 Kg7 22. Bxh5 $44 {/\ 0-0-0}) 20... f5 21.
O-O-O Bf3 (21... d4 $2 22. Rxh1 dxe3 23. Qxc6+ Kf7 24. Bc4 Qd2+ 25. Kb1 e2 26.
Qxe6+ $16) 22. Qxc6+ Kf7 23. Bxf5 $1 {This is the biginning of a positional R
sacrifice.} exf5 24. Rg1 Bg4 25. e6+ $1 {White is a whole R down, but his
pieces are excellent and Black's are disorganized.} (25. Nxd5 Qd7 $19) 25...
Kg6 (25... Kg8 {is also met by the thematic} 26. Nd7 $1 (26. Nc8 Rc7) (26. Nxd5
) 26... Qa8 27. Qa4 Bxh4 28. Qf4 Rh7 29. c6 $44) 26. Nd7 $1 {The N is really
annoying here cutting off the << from the >>.} (26. Nxd5 Kh7) 26... Qa8 (26...
Kh7 27. Qxd5) 27. Qa4 d4 (27... Bxh4 28. Ne5+ (28. Qd4 $13) 28... Kg7 (28...
Kf6 29. Nf3 $1) 29. Qf4 Qf8 30. Bd4 Kg8 31. c6 $44) 28. Qxd4 {White has got
already a lot of pawns for the R.} Qe4 29. Ne5+ Kh7 30. Qxe4 fxe4 31. Nxg4 hxg4
32. Rxg4 $44 {Even the _|_ is very exciting with so many pawns for the R.} Rc7
33. b4 Rc6 34. Bd4 Rg8 35. Rxe4 {Five pawns for the R!} Rg6 36. Kc2 $5 (36. a4
Rcxe6 37. Rxe6 Rxe6 38. b5 Bxh4 39. c6 Bd8 $13) 36... Rcxe6 37. Rxe6 Rxe6 38.
Kd3 {Still four...} Kg8 (38... Bxh4 39. a4 $44 {Only three, but they are a
real pest!}) 39. Kc4 Kf7 40. Kd5 Rh6 41. a4 Ke8 42. b5 axb5 43. axb5 Kd7 44.
c6+ Kc8 45. b6 Bd8 46. Kc5 Rh5+ 47. Kd6 Rh6+ 48. Kc5 Rh5+ 49. Kd6 Bxb6 50. Bxb6
Rxh4 1/2-1/2

[Event "Moscow Aeroflot op-A"]
[Site "Moscow"]
[Date "2003.02.11"]
[Round "1"]
[White "Svidler, Peter"]
[Black "Belov, Vladimir"]
[Result "1/2-1/2"]
[WhiteElo "2693"]
[BlackElo "2540"]
[Annotator "Lukacs,P"]
[PlyCount "69"]
[EventDate "2003.02.10"]
[EventType "swiss"]
[EventRounds "9"]
[EventCountry "RUS"]
[SourceTitle "CBM 094"]
[Source "ChessBase"]
[SourceDate "2003.05.26"]
[SourceVersion "1"]
[SourceVersionDate "2003.05.26"]
[SourceQuality "1"]

1. e4 c6 2. d4 d5 3. e5 Bf5 4. Nf3 e6 5. Be2 Ne7 6. Nbd2 c5 (6... h6 7. c3 Nd7
8. O-O (8. Nf1 {/\ Ng3} Bh7 9. Ng3 c5 {The N on g3 is far from the critical
square >< d4.} 10. dxc5 Nxc5 11. Nd4 Nc6 12. f4 Qb6 13. O-O Ne4 {1/2.1/2
Svidler-Dautov, Bad Homburg 1998}) 8... Ng6 9. Re1 Nf4 10. Nf1 Nxe2+ {The
light-squared B is an important piece, it is better to keep it.} 11. Qxe2 Be7
12. Ng3 Bg6 13. h3 O-O 14. Nh2 {/\ f4} c5 15. Be3 cxd4 16. Bxd4 Nb8 {/\ Nc6
fighting for >< d4.} 17. f4 Nc6 $13 {Benjamin-Seirawan, USA-ch 1999}) (6... Nd7
7. c3 (7. Nh4 {and at least the active B cannot run away.} Bg6 8. Nxg6 hxg6 9.
Nf3 $14) 7... h6 {- 6...h6}) 7. dxc5 Nec6 8. Nb3 Nd7 9. O-O {Black can chose
between the two pawns...} Bxc5 (9... Ndxe5 $2 {is the wrong choice here:} 10.
Nxe5 Nxe5 11. g4 $1 Bg6 12. f4 $18 {and the g6 B is in trouble.}) 10. Nxc5 Nxc5
11. Nd4 (11. Be3 {was the other logical move emphasising the pressure on >< d4.
} Nd7 12. Nd4 Nxd4 (12... O-O {- 11.Nd4}) 13. Bxd4 $14) 11... O-O $6 (11...
Nxd4 $142 {at least forces White to take back with the Q.} 12. Qxd4 Nd7 13. c3
$14) 12. Be3 {Now White can also take back with the B.} (12. Nxf5 exf5 13. c3
d4 $13 {and despite of White's ^^ Black is very active in the [+].}) 12... Nd7
(12... Nxd4 13. Bxd4 $14) 13. Nxf5 exf5 14. Qd3 $14 (14. Qxd5 $1 Ndxe5 (14...
Ncxe5 15. Rfd1 $16) 15. Qxd8 Raxd8 16. Rfd1 $16) 14... d4 $6 (14... Ndxe5 15.
Qxf5 $14 {and White's ^^ has a bright future, plus the isolated d P remains a
target.}) 15. Bf4 (15. Bxd4 {seems to be an easy win of the P.} Ndxe5 (15... f4
16. Bc3 $16) 16. Bxe5 Nxe5 17. Qxf5 $16) 15... Qe7 (15... Ndxe5 16. Qxf5 $14 {
is similar to the previous note.}) 16. Qb5 $5 {White wants to get the most
from the position.} (16. Qxf5 Ndxe5 17. Rad1 $14 {was the simple solution.})
16... Nb6 17. Bf3 Qe6 $5 (17... Rac8 18. a4 $1 Rfe8 (18... Rfd8 19. a5 $16) (
18... g5 19. a5 $1 $14) 19. Rad1 $14) 18. a4 {/\ a5-a6 attacking both knights.}
Rfd8 19. a5 Nd5 20. a6 (20. Bg5 Nxe5 21. Bxd8 Nxf3+ 22. gxf3 Rxd8 $44) 20... b6
(20... bxa6 $1 {was the best choice.} 21. Rxa6 Nxf4 22. Rxc6 Qe7 $13) (20...
Nxf4 $2 21. axb7 $18) 21. Bg5 Nxe5 $1 {Black has to sacrifice the exchange,
but the game is far from the end.} 22. Bxd8 Rxd8 (22... Nxf3+ 23. gxf3 Rxd8 24.
Rfe1 {- 22...Rd8}) 23. Rfe1 Nxf3+ 24. gxf3 Qg6+ 25. Kh1 Nc7 {Black has a P and
a good blockading position for the sacrificed exchange, and White's P
structure is ruined as well.} 26. Qc4 (26. Qe5 Ne6 27. Rad1 $14) 26... Ne6 27.
Qc6 h6 28. Re5 d3 $2 {This allows White to activate his pieces.} (28... Qh5 {
was more to the point:} 29. Rg1 d3 $5 30. cxd3 Nd4 31. Qc3 Qxf3+ 32. Rg2 f4 33.
Re1 g6 $44) 29. cxd3 Rxd3 $6 {This leaves the back rank unattended.} (29... Qh5
$5 {was still required.}) 30. Rg1 $1 Qh5 31. Qb7 $2 ({missing the forceful
penetration} 31. Qe8+ $1 Nf8 (31... Kh7 32. Rxe6 $1 $18) 32. Qa8 Qxf3+ (32...
Kh7 33. Re3 $18) 33. Qxf3 Rxf3 34. Re7 {and the vital a P falls.} Rxf2 35. Rxa7
Rxb2 36. Ra1 $18 {o^}) 31... Rxf3 $1 {Now Black escapes by tactical means!} 32.
Rxe6 Rxf2 33. Qb8+ Kh7 34. Qg3 Rxh2+ $1 35. Qxh2 (35. Qxh2 Qf3+ {and draw by
perpetual!}) 1/2-1/2

[Event "Moscow Aeroflot op-A"]
[Site "Moscow"]
[Date "2003.02.12"]
[Round "2"]
[White "Balashov, Yuri S"]
[Black "Svidler, Peter"]
[Result "1/2-1/2"]
[WhiteElo "2521"]
[BlackElo "2693"]
[Annotator "Hazai,L"]
[PlyCount "47"]
[EventDate "2003.02.10"]
[EventType "swiss"]
[EventRounds "9"]
[EventCountry "RUS"]
[SourceTitle "CBM 094"]
[Source "ChessBase"]
[SourceDate "2003.05.26"]
[SourceVersion "1"]
[SourceVersionDate "2003.05.26"]
[SourceQuality "1"]

1. c4 Nf6 2. Nc3 g6 3. g3 Bg7 4. Bg2 O-O 5. d4 Nc6 {By this move order Black
sometimes wants to vacate the d6 square for his N in a peculiar variation.} 6.
e3 (6. Nf3 a6 (6... d6 {transposes to the main lines.}) (6... d5 7. cxd5 Nxd5 {
leads to the Neo-Grunfeld.}) 7. d5 Na5 8. Nd2 c5 9. O-O Ne8 {/\ Nd6 is an
original, but not completely correct idea to put pressure on >< c4.}) 6... e5
7. Nge2 (7. d5 Ne7 (7... Nb8 {is even worse.} 8. Nge2 d6 9. O-O Nbd7 10. Rb1
Re8 11. e4 $16 {Alatortsev-Kasparian, Kiev 1940}) (7... Na5 {puts the N to an
awkward place.} 8. b3 c5 9. dxc6 dxc6 10. Ba3 Re8 11. Qxd8 Rxd8 12. Bb4 b6 13.
Bxa5 bxa5 14. Bxc6 $16 {Yrjola-Pyhala, Helsinki 1990}) 8. Nge2 d6 9. O-O (9. e4
Nd7 10. Be3 f5 11. f3 Nf6 12. Qd3 c6 13. dxc6 bxc6 14. O-O {(Kengis-Lukin,
Daugavpils 1989)} d5 $1 $13) (9. b3 {doesn't look really frightening.} Nf5 {
This looks a bit sophisticated. Black is fighting against e3-e4, but he has no
f7-f5 plans as well.} ({Why not} 9... Nd7 10. Bb2 f5 {with a normal play on
the >>?}) 10. Bb2 e4 11. Qc2 Re8 12. h3 Qe7 13. O-O-O Bd7 14. Rhg1 h5 15. Kb1
a6 16. Nc1 b5 17. cxb5 axb5 18. b4 c5 19. dxc6 {(1/2-1/2 Smejkal-Stohl,
Ostrava 1994)} Bxc6 20. Nb3 $14) 9... Nd7 {Bareev} (9... h5 $6 {-
Bareev-Ehlvest, Las Vegas (m/2) 76/496 1999 CBM 72}) 10. e4 f5 11. Rb1 Nf6 (
11... a5 12. a3 Nc5 13. b4 axb4 14. axb4 Nxe4 15. Nxe4 fxe4 16. Nc3 Nf5 17.
Nxe4 Nd4 {gives Black good chances for equality.}) 12. b4 $13) 7... exd4 (7...
d6 8. O-O) 8. exd4 d5 {This is an interesting P sacrifice in order to grab the
|^, but I am not 100% convinced.} (8... d6 9. O-O Bg4 (9... Re8 10. h3 Bd7 11.
Be3 $14 {and Black cannot find a good plan.}) 10. h3 Bxe2 11. Nxe2 Re8 12. Nc3
Qd7 13. Be3 $14 {White has a strong [+], and a nice fianchettoed B controlling
the long /^, Pcola-Pribyl, Pardubice 1996.}) 9. cxd5 $1 (9. Nxd5 {helps only
for Black.} Nxd5 10. cxd5 (10. Bxd5 Re8 (10... Bh3 11. Be3) (10... Nb4 11. Bg2
Bf5 12. O-O Nc2 13. g4 $16) 11. O-O Bg4 $44 {and >< d4 is in a big danger.})
10... Ne7 11. Qb3 (11. Nc3 Nf5 {winning back >< d4.} 12. O-O Nxd4 $11) 11...
Nf5 12. Be3 Re8 13. O-O Qe7 $132) 9... Nb4 10. Bg5 {White has to keep his
doubled pawns in the [+] at any rate.} (10. O-O Nbxd5 $11) 10... Bg4 (10... Bf5
11. O-O h6 12. Bxf6 Qxf6 13. a3 {and the N has to go back into passivity.}) (
10... h6 11. Bxf6 Qxf6 12. a3 {and the N has to go back again into passivity.})
11. Bxf6 {There is no need to hurry with this exchange.} (11. a3 Bxe2 12. Kxe2
{The K can escape from troubles easily.} Na6 13. Re1 h6 14. Be3 $14 {/\ Kf1})
11... Bxf6 12. a3 (12. O-O {is less adequate:} Re8 13. Qb3 a5 $44) {forcing
more or less} 12... Bxe2 13. Kxe2 $1 (13. Nxe2 Nxd5) 13... Na6 14. Re1 c5 $1 {
This is the only chance to activate the black pieces.} 15. dxc6 bxc6 16. Qa4 $6
({The cautious} 16. Kf1 {was required, for example:} Bxd4 17. Bxc6 Rb8 18. Qd2
Nc5 19. Rad1 $14) 16... Qb6 17. Qxc6 Qxb2+ 18. Kf1 Bxd4 {Now the position is
completely equal.} 19. Ne2 Bb6 20. Rab1 Qa2 21. Rbc1 Qb3 22. Rb1 Qa2 23. Rbc1
Qb3 24. Rb1 1/2-1/2

[Event "Moscow Aeroflot op-A"]
[Site "Moscow"]
[Date "2003.02.19"]
[Round "9"]
[White "Svidler, Peter"]
[Black "Kaidanov, Gregory S"]
[Result "1-0"]
[WhiteElo "2693"]
[BlackElo "2629"]
[Annotator "Postny,E"]
[PlyCount "107"]
[EventDate "2003.02.10"]
[EventType "swiss"]
[EventRounds "9"]
[EventCountry "RUS"]
[SourceTitle "CBM 094"]
[Source "ChessBase"]
[SourceDate "2003.05.26"]
[SourceVersion "1"]
[SourceVersionDate "2003.05.26"]
[SourceQuality "1"]

1. e4 e5 2. Nf3 Nc6 3. Bb5 a6 4. Ba4 Nf6 5. O-O Nxe4 6. d4 b5 7. Bb3 d5 8. dxe5
Be6 9. Nbd2 Nc5 10. c3 Be7 11. Bc2 d4 ({The main line is} 11... Bg4) 12. Nb3 (
12. cxd4 Nxd4 13. Nxd4 Qxd4 {- see the game Leko,P-Khalifman,A/Budapest 2000/
CBM 75 [Mikhalevski,V]}) (12. Ne4 d3 13. Nxc5 {leads to the identical position
as in the game.}) 12... d3 13. Nxc5 ({Another possibility is} 13. Bb1 {. For
instanse see the game Topalov,V-Piket,J/Lost Boys 1997/CBM 61}) 13... dxc2 14.
Qxd8+ Rxd8 15. Nxe6 fxe6 16. Be3 {The arised endgame is slightly better for
white, but black has good chances to equalize.} Rd5 17. c4 $1 {This is the
best way to create a problems for black in this endgame. Breaking black's pawn
structure on the queenside, white is opening the "c" file for his rooks as
well.} ({After} 17. Rfc1 Nxe5 18. Nxe5 Rxe5 19. Rxc2 O-O {the position is very
close to a draw, see the game Sutovsky,E-Krasenkow,M/Tan Chin Nam Cup 1999/CBM
73 [Mikhalevski,V]}) ({Also after} 17. Rac1 Nxe5 18. Nxe5 Rxe5 19. Rxc2 Kf7 20.
c4 b4 21. Rd1 Rd8 22. Rxd8 Bxd8 23. Kf1 Bg5 {white has a small edge, but black
can easily hold it, 1/2-1/2 Xie Jun-Polgar,Z/Jaen 1996/CBM 52 (46)}) 17... bxc4
18. Rac1 Nxe5 (18... Bc5 19. Rxc2 Bxe3 20. fxe3 Rc5 21. Ng5 Nd8 22. Rd2 Rd5 23.
Rfd1 Rxd2 24. Rxd2 $16 {1-0 Xie Jun-Qin Kanying/New Delhi 2000/CBM 79 ext (41)}
) 19. Nxe5 Rxe5 20. Rxc2 Rb5 $6 $146 {This is not a mistake, but a prelude...}
(20... Re4 21. Rfc1 Kd7 22. Rxc4 Rxc4 23. Rxc4 Rb8 24. Bd4 g6 25. Bc3 $14 {
1-0 Bologan,V-Korneev,O/Mondariz Balneario 2002/CBM 90 ext (68)}) 21. Rxc4 Rxb2
$2 {Probably Kaidanov has underestimated the danger to his position.} (21...
Bd6 $14) 22. Rxc7 {[%csl Gc7]} Kf7 23. g4 $1 Re8 (23... Rxa2 $2 24. Bc5 Re8 25.
Rb1 $18 {[%csl Re7]}) (23... h5 $2 24. Rd1 {and the black bishop is doomed.})
24. Rd1 Kg6 25. a4 Rb4 26. Rd4 a5 27. Rxb4 Bxb4 (27... axb4 $2 28. a5 Bf6 29.
a6 b3 30. a7 b2 31. Rb7 $18 {and the marsch of white's king to the queenside
will decide the game, while the black king is out of the game.}) 28. Kg2 Rd8
29. h4 h6 30. h5+ Kh7 {[%csl Rh7] The black king on h7 is out of the game but
30...Kf6 was not better.} (30... Kf6 31. Kf3 (31. f4 $6 {[%csl Rg7][%cal Gg4g5]
} Rd3) 31... Rd1 32. Ke4 {[%cal Yf2f4,Yg4g5]}) 31. Kf3 Rd1 32. Ke4 Rg1 33. f3 {
White's pieces are in great harmony. It does not seems, that black can save
this endgame.} Re1 34. Kd3 Rd1+ 35. Kc2 Rf1 36. f4 Bd6 (36... Rf3 37. Kd3 (37.
Bd4 $6 Rxf4 38. Rxg7+ Kh8 39. Be5 Re4 40. Bf6 Rf4 41. Rg6+ Kh7) 37... Rg3 38.
g5 {The winning plan is the same as in the text.}) 37. Rc4 Bb4 38. g5 $18 hxg5
39. fxg5 Kg8 40. g6 {The black king is now boxed in, and white is now winning,
combining the threats to black's king and Pa5.} Rf5 41. Rc8+ Bf8 42. Ra8 Rxh5
43. Bb6 Rh4 (43... Rg5 44. Bxa5 Rxg6 45. Bb4 Rf6 46. Rxf8+ Rxf8 47. Bxf8 Kxf8
48. a5 $18 {[%csl Ga5]}) 44. Rxa5 Rc4+ (44... Rg4 45. Ra8 $18) 45. Kd3 Rc6 46.
Be3 Rc8 47. Ra7 {An examplary harmony between the white pieces, with such a
limited material.} e5 48. a5 Bb4 49. Bb6 Rb8 50. Kc4 Bf8 51. Rd7 e4 52. Rd8 {
The simplest way to conclude the game. The black passed pawn will be stopped,
while the white one queens.} Rxd8 53. Bxd8 e3 54. a6 {Impressive endgame
technic by Svidler.} 1-0

[Event "GER CupT final"]
[Site "Berlin"]
[Date "2003.03.23"]
[Round "2.1"]
[White "Svidler, Peter"]
[Black "Lutz, Christopher"]
[Result "1-0"]
[WhiteElo "2693"]
[BlackElo "2640"]
[Annotator "Ftacnik,L"]
[PlyCount "83"]
[EventDate "2003.03.22"]
[EventType "team"]
[EventRounds "2"]
[EventCountry "GER"]
[SourceTitle "CBM 095"]
[Source "ChessBase"]
[SourceDate "2003.07.25"]
[SourceVersion "1"]
[SourceVersionDate "2003.07.25"]
[SourceQuality "1"]
[WhiteTeam "Baden Oos"]
[BlackTeam "Porz"]
[WhiteTeamCountry "GER"]
[BlackTeamCountry "GER"]

{[%mdl 2]} 1. e4 c5 2. Nf3 e6 3. d4 cxd4 4. Nxd4 Nc6 5. Nc3 Qc7 6. Be2 a6 7.
O-O Nf6 8. Be3 Be7 9. f4 d6 10. a4 O-O 11. Kh1 Re8 12. Bf3 Rb8 13. g4 Bf8 14.
g5 Nd7 15. Bg2 b6 16. Qh5 g6 17. Qh4 Bb7 18. Qf2 {Svidler is indicating, that
he will treat the position peacefully hoping for better central control.} Nb4 (
18... Bg7 19. Rad1 (19. Ndb5 axb5 20. Nxb5 Qd8 21. Nxd6 Rf8 22. e5 Ba8 23. Rad1
Ne7 $15) 19... Na5 $13) 19. Rad1 Rbc8 20. Rd2 Nc5 21. Nde2 (21. Qh4 Bg7 22.
Rfd1 $14) 21... Bc6 (21... d5 22. e5 Red8 23. Nd4 $13) 22. b3 Qb7 23. Ng3 d5 $5
{[%mdl 32] Lutz have done everything right to prepare this central blow, black
pieces are coming to life.} (23... Qc7 24. Rfd1 Bb7 $14) 24. exd5 Nxd5 25. Nxd5
Bxd5 (25... exd5 26. f5 (26. a5 Qe7 (26... Ne4 27. Nxe4 dxe4 28. axb6 $16) 27.
Bxc5 Qxc5 28. Qxc5 Bxc5 29. Bxd5 Bb4 30. Bxc6 Rxc6 $11) 26... Ne4 27. Nxe4 dxe4
28. fxg6 hxg6 29. Kg1 Bg7 30. c4 $14) 26. Rfd1 Bg7 $6 {Equality was much
easier after 26...Bxg2+!?, after the game move white will become aggressive.} (
26... Bxg2+ $5 27. Qxg2 Qc7 28. Ne4 (28. b4 Nxa4 29. Ne4 Be7 30. Rd7 Red8 $1
$17) 28... Nxe4 29. Qxe4 Red8 $11) 27. Bxd5 exd5 28. Rxd5 Rcd8 29. c4 (29. Qf3
$2 Rxd5 30. Rxd5 Rxe3 $19) 29... Nxb3 30. Qf3 Na5 (30... Nc5 31. a5 Na4 32. Bd4
Bxd4 33. R1xd4 Rxd5 34. Qxd5 Qc7 35. Ne4 $14) 31. Ne4 Rxd5 (31... Qe7 $2 32.
Bxb6 Rxd5 33. cxd5 Qxe4 34. Qxe4 Rxe4 35. Bxa5 $18) 32. cxd5 Qd7 33. Bxb6 Qxa4
34. Re1 (34. Nd6 Rf8 35. Bxa5 Qxa5 36. Nb7 Qa4 37. d6 Bd4 38. Re1 Qb4 $13)
34... Nc4 35. Bf2 Rd8 (35... Qb5 36. Qd3 $14) 36. Kg2 Qc2 (36... a5 37. Rd1 Qc2
$13) 37. Re2 Qc1 $2 {Black is making a great positional error in losing
control of the white squares. Immediatelly his position turns into a difficult
one.} (37... Qb1 $1 38. Bc5 Qb7 39. d6 Qb5 $13) 38. Qb3 $1 h6 (38... Na3 39.
Bb6 Rb8 40. Bc5 Nb5 (40... Rxb3 41. Nf6+ Bxf6 42. Re8+ Kg7 43. Bf8+ Kg8 44.
Bh6#) 41. Qe3 Qxe3 42. Rxe3 $16) 39. Re1 Qxf4 (39... Nd2 40. Qd3 Qc4 41. Qxd2
Rxd5 42. Qc1 $18) 40. Qxc4 hxg5 41. Bg3 Qf5 42. Nd6 (42. Nd6 Qd7 43. Rb1 $18)
1-0

[Event "Poikovsky Karpov 04th"]
[Site "Poikovsky"]
[Date "2003.04.29"]
[Round "9"]
[White "Lautier, Joel"]
[Black "Svidler, Peter"]
[Result "1/2-1/2"]
[WhiteElo "2666"]
[BlackElo "2713"]
[Annotator "Krasenkow,M"]
[PlyCount "55"]
[EventDate "2003.04.20"]
[EventType "tourn"]
[EventRounds "9"]
[EventCountry "RUS"]
[EventCategory "16"]
[SourceTitle "CBM 095"]
[Source "ChessBase"]
[SourceDate "2003.07.25"]
[SourceVersion "1"]
[SourceVersionDate "2003.07.25"]
[SourceQuality "1"]

1. d4 Nf6 2. c4 g6 3. Nc3 d5 4. cxd5 Nxd5 5. e4 Nxc3 6. bxc3 Bg7 7. Nf3 c5 8.
Be3 Qa5 9. Qd2 Nc6 10. Rc1 cxd4 11. cxd4 Qxd2+ 12. Kxd2 O-O 13. d5 Rd8 14. Ke1
Na5 15. Bg5 Bd7 16. Bd3 Rdc8 17. Ke2 e6 18. Be3 exd5 19. exd5 b5 {About this
variation - see CBM87, annotations to the game Schandorff-Ftacnik.} 20. Nd2 a6
21. Ne4 Nc4 $146 {[%mdl 8]} (21... Bf5 {is the main line. GM Peter Svidler
finds an easier way to equality.}) 22. Bxc4 (22. Nc5 Nxe3 23. fxe3 Bg4+ 24. Kf2
Bb2 25. Rc2 Ba3 {is good for Black.}) 22... bxc4 23. Nc5 (23. Nd6 Rd8 24. Bf4 (
24. Nxc4 Bb5) {is risky:} 24... g5 $1 (24... c3 $5) 25. Bg3 f5 26. f4 Bf8 $1
27. fxg5 $140 $2 f4 $1 28. Bxf4 Bg4+) 23... Rd8 24. Nxd7 Rxd7 25. Rxc4 Rxd5 $11
26. Rhc1 h5 27. Ra4 Rd6 28. Rc7 1/2-1/2